000 00259nam a22001217a 4500
008 171228b xxu||||| |||| 00| 0 eng d
041 _aeng
080 _a54
100 _a12
101 _aKIM
245 _aWHY POISON OURSELVES?
_cGINN,A.P
942 _2udc
_cBK
999 _c39522
_d39522